00354nam a22001217a 450000500170000000800410001702000150005808200060007310000180007924500890009726000370018630000090022320251009113345.0251009b |||||||| |||| 00| 0 eng d a0763714216 a  aPoor, Belinda aEnd of life nursing careb/End of life nursing carec Belinda Poor, Gail P. Poirrier aCanadabJones and Bartlettc2001 c23cm